Združovač pre VKV vysielače malého výkonu

Bibliographic Details
Main Authors: Vavra, Štefan, 1930- (Author), Hajach, P. (Author), Vavrovič, D. (Author)
Format: Article
Language:Slovak
PhysicalDescription:Sch. 3.
Subjects:

MARC

LEADER 00000nab a2200000 a 4500
001 vtls000418962
003 SK-MaSNL
005 20260302235009.0
008 120925c1989 xo 0 slo
015 |a SNBRA19rr/mm-uuuuu 
035 |a CL0419090 
040 |a SNKBUCL  |b slo  |c SNKBUCL  |e AACR2 
041 0 |a slo 
044 |a xo  |c SK 
080 |a 621.396.61.029.62  |2 1981 
100 1 |a Vavra, Štefan,  |d 1930-  |4 aut  |9 219921 
245 1 0 |a Združovač pre VKV vysielače malého výkonu  |c Š. Vavra, P. Hajach, D. Vavrovič 
300 |b Sch. 3. 
650 0 7 |a vysielače VKV  |2 snkbucl  |9 971062 
650 0 7 |a združovače hviezdicové  |2 snkbucl  |9 971063 
655 7 |a články zo zborníkov  |2 snkbucl  |9 166140 
700 1 |a Hajach, P.  |4 aut  |9 784523 
700 1 |a Vavrovič, D.  |4 aut  |9 971064 
773 0 |t Rádioelektronika 89  |d Bratislava : Dom techniky ČSVTS, 1989  |g S. 13-14 
850 |a Slovenská národná knižnica v Martine  |a MTA001 
852 |a SNK  |b KIS3GCP 
958 |a RK 
992 |a RZB 
999 |c 1552849  |d 1554779